Education in building chinese socialism: theory and reality in the transitional period
Saved in:
| Hovedforfatter: | |
|---|---|
| Format: | Bog |
| Sprog: | engelsk |
| Udgivet: |
Tokio
Institute of Developing Economies
1976
|
| Serier: | IDE Special Paper, 1
|
| Fag: | |
| Tags: |
Tilføj Tag
Ingen Tags, Vær først til at tagge denne postø!
|
MARC
| LEADER | 00000nam a2200000 a 4500 | ||
|---|---|---|---|
| 001 | UCQ8227 | ||
| 003 | CL-VaPUC | ||
| 008 | 981209e19760000JA |||||||||||||||||eng|d | ||
| 082 | 0 | 4 | |a 370.1934 |b KOB |2 21 |
| 100 | 0 | |a Kobayashi, Fumio |e author |9 422055 | |
| 245 | 1 | 0 | |a Education in building chinese socialism: theory and reality in the transitional period |
| 300 | |a 32 p | ||
| 942 | |c BK | ||
| 945 | |d 19981209 00:00:00 |a cmena | ||
| 260 | |a Tokio |b Institute of Developing Economies |c 1976 | ||
| 650 | 0 | |a Sociología de la educación |9 260380 | |
| 650 | 0 | |a Reforma educacional |9 256319 | |
| 650 | 0 | |a Socialismo |9 255260 | |
| 650 | 0 | |a Filosofía de la educación |9 258384 | |
| 650 | 0 | |a Política educacional |9 308011 | |
| 583 | |a last modification |c 19981209 00:00:00 |k Rodrigo Vera | ||
| 490 | 0 | |a IDE Special Paper, 1 | |
| 999 | |c 277515 |d 277513 | ||
| 952 | |0 0 |1 0 |4 0 |6 370_193400000000000_KOB_1976 |7 0 |8 A |9 315502 |a BIBGIM |b BIBGIM |d 2019-11-20 |i 1497898 |o 370.1934 KOB 1976 |p 1497898 |r 2025-01-15 |w 2019-11-20 |y BK |k ORI | ||